Actors who worked with Bong Joon-ho - Statistics

General Stats
  • This quiz has been taken 21 times
    10 since last reset
  • The average score is 13 of 54
Answer Stats
Films Answer % Correct
Mickey 17 Robert Pattinson
100%
Mickey 17, Okja Steven Yeun
86%
Snowpiercer, Okja Tilda Swinton
86%
Snowpiercer Chris Evans
71%
Mickey 17 Mark Ruffalo
71%
Mickey 17 Toni Collette
71%
Snowpiercer Ed Harris
57%
Snowpiercer John Hurt
57%
Memories of Murder, Barking Dogs Never Bite Kim Roi-ha
57%
Mickey 17 Naomi Ackie
57%
Parasite, Snowpiercer, Memories of Murder, The Host Song Kang-ho
57%
Okja Jake Gyllenhaal
43%
Parasite Jung Ji-so
43%
Okja Paul Dano
43%
Memories of Murder Song Jae-ho
43%
Barking Dogs Never Bite Kim Ho-jung
29%
Mother Kim Hye-ja
29%
Memories of Murder Kim Sang-kyung
29%
Snowpiercer Octavia Spencer
29%
Memories of Murder, The Host Park Hae-il
29%
Parasite Park Myung-hoon
29%
Parasite Park So-dam
29%
Snowpiercer Stephen Park
29%
Memories of Murder Go Seo-hee
14%
Parasite Lee Jung-eun
14%
Barking Dogs Never Bite Lee Sung-jae
14%
Parasite Lee Sun-kyun
14%
Okja Lily Collins
14%
Memories of Murder Ryu Tae-ho
14%
Mickey 17, Snowpiercer Steve Park
14%
Okja Ahn Seo-hyun
0%
Snowpiercer Alison Pill
0%
Mickey 17 Anamaria Vartolomei
0%
The Host, Barking Dogs Never Bite Bae Doona
0%
Memories of Murder, Okja, The Host, Barking Dogs Never Bite Byun Hee-bong
0%
Parasite Choi Woo-shik
0%
Parasite Cho Yeo-jeong
0%
Mickey 17, Okja Daniel Henshall
0%
Okja Devon Bostick
0%
Snowpiercer Ewen Bremner
0%
Okja Giancarlo Esposito
0%
Mickey 17 Holliday Grainger
0%
Snowpiercer Jamie Bell
0%
Parasite Jang Hye-jin
0%
Memories of Murder, Mother Jeon Mi-seon
0%
Mother Jin Goo
0%
Parasite Jung Hyeon-jun
0%
Snowpiercer, The Host Ko A-sung
0%
Mickey 17 Patsy Ferran
0%
Okja Shirley Henderson
0%
Mickey 17 Tim Key
0%
Snowpiercer Tómas Lemarquis
0%
Mother Won Bin
0%
Okja, The Host, Mother Yoon Je-moon
0%
No matching quizzes found
Score Distribution
Percent of People with Each Score
Percentile by Number Answered
Your Score History
You have not taken this quiz since the last reset